Geography Quiz

Random Geography or City Quiz

North America: East or West Coast? Quiz Stats

Quiz Updated Jan 18, 2015

Challenge
Share
Tweet
Embed
Score 0/40 Timer 04:00
38 Plays Today
City, Country East or West Coast? % Correct
New York, USA???
92.8%
Boston, USA???
92.8%
San Francisco, USA???
92.5%
Los Angeles, USA???
92.4%
San Diego, USA???
92.1%
Seattle, USA???
91.3%
Charleston, USA???
90.9%
Miami, USA???
90.8%
Jacksonville, USA???
90.6%
Santa Barbara, USA???
89.8%
Fort Lauderdale, USA???
89.3%
San Jose, USA???
88.9%
New Haven, USA???
88.7%
Virginia Beach, USA???
88.4%
Anchorage, USA???
88.2%
Quebec City, Canada???
87.3%
Myrtle Beach, USA???
84.3%
Wilmington, USA???
84%
Tacoma, USA???
83.3%
Chula Vista, USA???
81%
City, Country East or West Coast? % Correct
Tijuana, Mexico???
79.3%
St. John's, Canada???
78.5%
Halifax, Canada???
78.5%
Irvine, USA???
76.5%
Victoria, Canada???
72.7%
Cancún, Mexico???
66.4%
Puerto Vallarta, Mexico???
62.6%
Acapulco, Mexico???
61.7%
Ensenada, Mexico???
59.8%
La Ceiba, Honduras???
57.5%
Colón, Panama???
55.5%
Mazatlán, Mexico???
55.1%
Bluefields, Nicaragua???
55%
Limón, Costa Rica???
52.9%
Tepic, Mexico???
52.4%
Puerto Barrios, Guatemala???
52.3%
Surrey, Canada???
49.8%
Veracruz, Mexico???
44.2%
Puntarenas, Costa Rica???
43.2%
Panama City, Panama???
37%

You're not logged in!

Compare scores with friends on all Sporcle quizzes.
Sign Up with Email
OR
Log In

You Might Also Like...

Show Comments

Extras

Top Quizzes Today


Score Distribution

Your Account Isn't Verified!

In order to create a playlist on Sporcle, you need to verify the email address you used during registration. Go to your Sporcle Settings to finish the process.